Interpreten nach Lieder #13 - M - Statistiken

Allgemein
  • Dieses Quiz wurde 92 mal gespielt
  • Das Durchschnittsergebnis liegt bei 13 aus 30
Antwortstatistiken
Lieder Interpret % Korrekt
Beat It, Billie Jean, Smooth Criminal Michael Jackson
93%
Cheri Cheri Lady, Brother Louie, Geronimo's Cadillac Modern Talking
90%
Party In The U.S.A., Flowers, Wrecking Ball Miley Cyrus
89%
194 Länder, Au Revoir, Flash Mich Mark Forster
87%
Hung Up, Like a Prayer, Ghosttown Madonna
82%
80 Millionen, Wenn sie tanzt, Irgendwann ist jetzt Max Giesinger
73%
Nicht verdient, Idiot, Verdammt Ich lieb' dich Matthias Reim
66%
Battery, One, Enter Sandman Metallica
64%
All About The Bass, NO, Me Too Meghan Trainor
63%
Maps, Payphone, This Love Maroon 5
61%
Er gehört zu mir, Ich bin wie du, Liebe spüren Marianne Rosenberg
55%
ZITTI E BUONI, MAMMAMIA, Are You Ready? Måneskin
53%
Nie mehr Alkohol - freie Getränke, Schatzi Schenk Mir Ein Foto, Mehr Promille als IQ Mickie Krause
53%
Down Under, Who Can It Be Now, Overkill Men At Work
43%
Ace of Spades, Overkill, Killed by Death Motörhead
39%
Paradise By the Dashboard Light, I'd Do Anything For Love (But I Won't Do That), Bat Out of Hell Meat Loaf
36%
Welcome to the Black Parade, Teenagers, Na Na Na (Na Na Na Na Na Na Na Na Na) My Chemical Romance
31%
Coco Jamboo, Up'n Away, I Give You My Heart Mr. President
29%
Kids, Electric Feel, Time to Pretend MGMT
27%
Lumberjack Song, Always Look On The Bright Side Of Life, Galaxy Song Monty Python
27%
Supermassive Black Hole, Uprising, Psycho Muse
27%
Moonlight Shadow, Shadow On The Wall, To France Mike Oldfield
25%
Kings of Metal, Heart of Steel, Warriors of the World United Manowar
24%
3 Uhr Nachts, 2 Idioten mit nem Wicküler, Bir Mehnersmoos
22%
Du schreibst Geschichte, Lass die Musik an, Sirenen Madsen
20%
sun to me, I Think I'm OKAY, maybe Machine Gun Kelly
19%
Symphony Of Destruction, Tornado Of Souls, A Tout Le Monde Megadeth
17%
Walking in Memphis, Ghost Train, True Companion Marc Cohn
8%
Old, Locust, Davidian Machine Head
6%
Endlos_demo, Hilferuf, Spiegelbild Mayberg
6%
Keine übereinstimmenden Quizze gefunden
Verteilung der Resultate
Anzahl Personen mit jedem Resultat
Perzentil nach korrekt beantworteten Fragen
Ihre Resultats-Entwicklung
Sie haben dieses Quiz noch nicht gespielt